Normal view MARC view
  • Ashiq

Entry Personal Name

Number of records used in: 1

001 - CONTROL NUMBER

  • control field: 17514

003 - CONTROL NUMBER IDENTIFIER

  • control field: NUST

005 - DATE AND TIME OF LATEST TRANSACTION

  • control field: 20190712103839.0

008 - FIXED-LENGTH DATA ELEMENTS

  • fixed length control field: 190712|| aca||aabn | a|a d

040 ## - CATALOGING SOURCE

  • Original cataloging agency: NUST
  • Transcribing agency: NUST

100 ## - HEADING--PERSONAL NAME

  • Personal name: Ashiq

670 ## - SOURCE DATA FOUND

  • Source citation: Work cat.: (NUST): Ashiq, Pooniaan Da Dhara \, 2002.
© 2023 Central Library, National University of Sciences and Technology. All Rights Reserved.